000 00698nam a22001815i 4500
001 166116
003 ES-MaACL
005 20230906213252.0
008 960314s1867 sp a |||| | spa d
040 _aCLM
_bspa
_cCLM
245 0 0 _aTelegrafía submarina
_b: relación histórica de los principales acontecimientos vicisitudes y progresos de este nuevo medio de comunicación.
260 _aMadrid :
_b[s.n.],
_c1867 (
_fEstablecimiento tipográfico de T. Fortanet)
300 _aVIII, 316 p., [5] h. de grab., [1] h. de map. pleg. ;
_c20 cm.
599 1 _aLas h. de grab. xil.
650 4 _aTelégrafo.
_917430
752 _aEspaña -
_d, Madrid
852 _aES-MaACL
_jG-12081
_z-- Enc. hol.
999 _c166116
_d166116